Computer organization and architecture : designing for performance (Record no. 183400)

MARC details
000 -LEADER
fixed length control field 00511nam a2200169Ia 4500
005 - DATE AND TIME OF LATEST TRANSACTION
control field 20250318161708.0
008 - FIXED-LENGTH DATA ELEMENTS--GENERAL INFORMATION
fixed length control field 231217s9999 xx 000 0 und d
020 ## - INTERNATIONAL STANDARD BOOK NUMBER
International Standard Book Number 9788120329621
082 ## - DEWEY DECIMAL CLASSIFICATION NUMBER
Classification number 621.381958 STA;289
100 ## - MAIN ENTRY--PERSONAL NAME
Personal name Stallings, William.
245 #0 - TITLE STATEMENT
Title Computer organization and architecture : designing for performance
250 ## - EDITION STATEMENT
Edition statement 7th ed.
260 ## - PUBLICATION, DISTRIBUTION, ETC. (IMPRINT)
Date of publication, distribution, etc. 2006
Name of publisher, distributor, etc. PHI Learning
Place of publication, distribution, etc. New Delhi
300 ## - PHYSICAL DESCRIPTION
Extent xiv+778
650 ## - SUBJECT ADDED ENTRY--TOPICAL TERM
Topical term or geographic name as entry element Computer,organization,architecture:,designing,performance
942 ## - ADDED ENTRY ELEMENTS (KOHA)
Koha item type Books
Holdings
Date last seen Total Checkouts Full call number Accession number Old discount Cost, replacement price Price effective from Category Lost status Damaged status Department Withdrawn status bill no. bill date Permanent Location Current Location Shelving location Entry date Vendor Cost, normal purchase price Grants Currency symbol Conversion rate Discount Discount type
26/01/2024   621.381958 STA;289 54725 20 280.00 26/01/2024 Books     CS   12 07/02/2013 Central Library Central Library CS 07/07/2009 Sapna Book House 350.00 CS RS 1 70 Rupees

© For any Suggestions or Query, please contact the library staff @ librarian@pes.edu or Phone: +9180 2672 1983/ 2108.